Statistics for 中史初階小測驗(九)

Click here to take the quiz!

General Stats

  • This quiz has been taken 33 times
  • The average score is 6 of 10

Answer Stats

QuestionAnswer% Correct
1937年中國抗日戰爭是在哪次事件後爆發?盧溝橋事件(七七事變)
97%
汪精衛最出名的是什麼?作爲漢奸在1940年與日本合作在南京建立傀儡政權
93%
中國聲稱日本在南京大屠殺中殺害了多少人?300,000
90%
日本731部隊最著名的是什麼?在過千中國戰俘,婦女和小孩身上試驗生物武器
83%
英屬香港在哪天投降日本?1941年聖誕節
62%
1938年花園口決隄事件造成數十萬人死亡。這件事是怎樣發生的?國民政府試圖阻止日軍前進而戰略性毀堤
55%
以下哪一項不是美國在1945年對日本投擲兩枚原子彈的原因?中國政府要求美國對日本在華戰爭中的罪行進行報復
55%
1937年哪一場激烈戰爭被喻爲長江上的史太林格勒戰役?淞滬會戰
52%
爲什麼蘇聯在1941年停止援助中國抗日?蘇聯簽署日蘇中立條約來避免在歐亞兩邊戰爭
45%
1944年豫湘桂會戰中日本的目的是什麼?消滅美軍在華南機場對日本本島的威脅
17%

Score Distribution

Percentile by Number Answered

Percent of People with Each Score

Your Score History

You have not taken this quiz